Organizational behaviour and HRM / (Record no. 10786)
[ view plain ]
| 000 -LEADER | |
|---|---|
| fixed length control field | 00658nac a22002051u 4500 |
| 008 - FIXED-LENGTH DATA ELEMENTS--GENERAL INFORMATION | |
| fixed length control field | 090210t xxu||||| |||| 00| 0 eng d |
| 010 ## - LIBRARY OF CONGRESS CONTROL NUMBER | |
| LC control number | 00051660 |
| 020 ## - INTERNATIONAL STANDARD BOOK NUMBER | |
| International Standard Book Number | 8174732241 |
| 082 ## - DEWEY DECIMAL CLASSIFICATION NUMBER | |
| Classification number | 302.35 |
| Item number | KAI |
| Edition number | 20 |
| 245 10 - TITLE STATEMENT | |
| Title | Organizational behaviour and HRM / |
| Statement of responsibility, etc | H.L. Kaila. |
| 250 ## - EDITION STATEMENT | |
| Edition statement | 2nd ed. |
| 260 ## - PUBLICATION, DISTRIBUTION, ETC. (IMPRINT) | |
| Place of publication, distribution, etc | Delhi : |
| Name of publisher, distributor, etc | A.I.T.B.S. Publishers, |
| Date of publication, distribution, etc | c.2007. |
| 300 ## - PHYSICAL DESCRIPTION | |
| Extent | 290p: |
| Other physical details | ill; |
| Dimensions | 25cm. |
| 500 ## - GENERAL NOTE | |
| General note | Buchanan's name appears first on the earlier edition. |
| 500 ## - GENERAL NOTE | |
| General note | Distributer: Al-Ahram. |
| 504 ## - BIBLIOGRAPHY, ETC. NOTE | |
| Bibliography, etc | Includes bibliographical references and index. |
| 650 #0 - SUBJECT ADDED ENTRY--TOPICAL TERM | |
| Topical term or geographic name as entry element | Organizational behavior. |
| 700 1# - ADDED ENTRY--PERSONAL NAME | |
| Personal name | Buchanan, David A. |
| 942 ## - ADDED ENTRY ELEMENTS (KOHA) | |
| Item type | Book - Borrowing |
| Call number prefix | 302.35KAI |
| Source of classification or shelving scheme | Dewey Decimal Classification |
| Withdrawn status | Item status | Source of classification or shelving scheme | Damaged status | Not for loan | Vendor | Home library | Current library | Shelving location | Date acquired | Source of acquisition | Cost, normal purchase price | Serial Enumeration / chronology | Total Checkouts | Full call number | Barcode | Date last seen | Koha item type |
|---|---|---|---|---|---|---|---|---|---|---|---|---|---|---|---|---|---|
| Dewey Decimal Classification | Alahram | Central Library | Central Library | First floor | 10/02/2009 | 84.00 | 06462 | 302.35 KAI | 000014656 | 15/07/2025 | Book - Borrowing |